Statistiques concernant Les joueurs qui ont joué au PSG et au Real Madrid

Cliquez ici pour prendre le quiz!

Statistiques générales

  • Ce quiz a été pris 328 fois
    (293 depuis la dernière actualisation)
  • Le résultat moyen est 9 sur 13

Statistiques - réponses

Période PSGPériode RealPosteNationalitéJoueur% Correct
2019-Aujourd'hui ; 112 matchs2014-2019 ; 162 matchsGardienCosta RicaKeylor Navas
96%
2021-Aujourd'hui ; 110 matchs2017-2018 ; 17 matchsLatéral droitMarocAchraf Hakimi
94%
2021-2023 ; 58 matchs2005-2021 ; 671 matchsDéfenseur centralEspagneSergio Ramos
91%
2015-2022 ; 295 matchs2011-2014 ; 190 matchsAilierArgentineAngel Di Maria
88%
2012-2013 ; 2016-2020 ; 107 matchs2019-2020 ; 9 matchsGardienFranceAlphonse Areola
84%
2013 ; 14 matchs2003-2007 ; 159 matchsMilieu gaucheAngleterreDavid Beckham
75%
2023-Aujourd'hui ; 19 matchs2016-2023 ; 286AilierEspagneMarco Asensio
75%
2016-2021 ; 14 matchs2011-2016 ; 88 matchsAilierEspagneJésé
55%
2017-2019 ; 19 matchs2009-2012 ; 119 matchsMilieuFranceLassana Diarra
50%
2008-2011 ; 118 matchs2000-2003 ; 143 matchsMilieuFranceClaude Makélélé
48%
2019-2023 ; 98 matchs2010-2011 ; 1 matchAilierEspagnePablo Sarabia
45%
1995-1997 ; 2000-2002 ; 69 matchs1999-2000 ; 32 matchsAilierFranceNicolas Anelka
44%
2001-2004 ; 132 matchs2007-2009 ; 62 matchsLatéral gaucheArgentineGabriel Heinze
32%

Distribution des résultats

Percentile par nombre de réponses

% des personnes avec chaque résultat

Votre développement - résultats

Vous n’avez pas pris ce quiz depuis la dernière actualisation